000 00754nam a2200265 i 4500
001 C2-0107529
003 PPAK
005 20180727102301.0
008 970610s1994 at a|||| ||||| | eng d
020 _a0732920280
040 _aPPAK
_beng
_cPPAK
_erda
082 0 4 _a910
_223
090 0 0 _a910
_bDAV
_dRK
100 1 _aDavidson, Bob,
_eauthor
245 1 0 _aHillary and tenzing climb everest
264 1 _aMelbourne :
_bMacmillan ,
_c1994
300 _a32 pages :
_bcolour illustrations ;
_c26 cm
336 _2rdacontent
_atext
337 _2rdamedia
_aunmediated
338 _2rdacarrier
_avolume
490 1 _aGreat 20th century expeditions
650 1 0 _aExplorers - Expeditions
830 0 _aGreat 20th century expeditions
942 _ddc
_cB
999 _c26424
_d26424